ORPP logo

NVMINA MAGNA : (Record no. 12424)

MARC details
000 -LEADER
fixed length control field 05071nam a22004453i 4500
001 - CONTROL NUMBER
control field EBC5845600
003 - CONTROL NUMBER IDENTIFIER
control field MiAaPQ
005 - DATE AND TIME OF LATEST TRANSACTION
control field 20240724113853.0
006 - FIXED-LENGTH DATA ELEMENTS--ADDITIONAL MATERIAL CHARACTERISTICS
fixed length control field m o d |
007 - PHYSICAL DESCRIPTION FIXED FIELD--GENERAL INFORMATION
fixed length control field cr cnu||||||||
008 - FIXED-LENGTH DATA ELEMENTS--GENERAL INFORMATION
fixed length control field 240724s2019 xx o ||||0 ita d
020 ## - INTERNATIONAL STANDARD BOOK NUMBER
International Standard Book Number 9781789690927
Qualifying information (electronic bk.)
035 ## - SYSTEM CONTROL NUMBER
System control number (MiAaPQ)EBC5845600
035 ## - SYSTEM CONTROL NUMBER
System control number (Au-PeEL)EBL5845600
035 ## - SYSTEM CONTROL NUMBER
System control number (OCoLC)1111976631
040 ## - CATALOGING SOURCE
Original cataloging agency MiAaPQ
Language of cataloging eng
Description conventions rda
-- pn
Transcribing agency MiAaPQ
Modifying agency MiAaPQ
050 #4 - LIBRARY OF CONGRESS CALL NUMBER
Classification number BL793.S3 .C783 2019
082 0# - DEWEY DECIMAL CLASSIFICATION NUMBER
Classification number 292.08093911
100 1# - MAIN ENTRY--PERSONAL NAME
Personal name Cruccas, Emiliano.
245 10 - TITLE STATEMENT
Title NVMINA MAGNA :
Remainder of title Roma e il Culto Dei Grandi Dei Di Samotracia.
250 ## - EDITION STATEMENT
Edition statement 1st ed.
264 #1 - PRODUCTION, PUBLICATION, DISTRIBUTION, MANUFACTURE, AND COPYRIGHT NOTICE
Place of production, publication, distribution, manufacture Oxford :
Name of producer, publisher, distributor, manufacturer Archaeopress,
Date of production, publication, distribution, manufacture, or copyright notice 2019.
264 #4 - PRODUCTION, PUBLICATION, DISTRIBUTION, MANUFACTURE, AND COPYRIGHT NOTICE
Date of production, publication, distribution, manufacture, or copyright notice ©2019.
300 ## - PHYSICAL DESCRIPTION
Extent 1 online resource (157 pages)
336 ## - CONTENT TYPE
Content type term text
Content type code txt
Source rdacontent
337 ## - MEDIA TYPE
Media type term computer
Media type code c
Source rdamedia
338 ## - CARRIER TYPE
Carrier type term online resource
Carrier type code cr
Source rdacarrier
490 1# - SERIES STATEMENT
Series statement Archaeopress Roman Archaeology Series ;
Volume/sequential designation v.56
505 0# - FORMATTED CONTENTS NOTE
Formatted contents note Cover -- Title Page -- Copyright Page -- Contents Page -- Prefazione -- Premessa -- Cap. 1. …Und niemals wissen, was sie sind! Origine e sviluppo del culto dei Cabiri e dei Grandi Dei nel Mediterraneo orientale -- Cap. 2. Lari, Penati e Grandi Dei di Samotracia a Roma tra la media e la tarda età repubblicana -- 2.1 Samotracia e Roma: il culto dei Grandi Dei e i cittadini romani -- 2.2 Sincretismi e polisemicità di gruppi divini: le identificazioni Penati - Grandi Dei e Lan - Grandi Dei. -- 2.2.1 Vos di patrii ac Penates qui huic urbi atque huic reipublicae praesidetis (Cic. Pro Sulla 86). Divinità che proteggono 1: I Penates. -- 2.2.1.1 'ex Samothrace in Phrygiam' e 'ex Phrygia in Italiam'. I Penati di Lavinio -- 2.2.1.2 Τρωικοὶ θεοί di Roma. Il culto dei Penati tra l'aedes Vestae e il tempio sulla Velia -- 2.2.2 Qui compita servant / et vigilant nostra semper in urbe (Ov. fasti 2,615-616). Divinità del focolare, divinità che proteggono 2: I Lares. -- 2.2.2.1 Il tempio dei Lares Permarini a Roma -- 2.2.2.2 Il tempio dei Lares Praestites a Roma -- 3. Lapis nigellus. L'introduzione del culto della Magna Mater a Roma e in Italia -- Cap. 4. L'atrium della villa di Oplontis: l'autocelebrazione di un devoto ai Grandi Dei di Samotracia? -- Cap. 5. ‚Klein von Gestalt,/ Groß von Gewalt,/ Der Scheiternden Retter,/ Uralt-verehrte Götter!' In conclusione. -- Summary -- Tabella cronologica -- Indice delle fonti antiche -- Autori -- Iscrizioni -- Indice analitico -- Personaggi storici -- Divinità/eroi -- Luoghi e monumenti -- Cose notevoli -- Indice delle abbreviazioni bibliografiche -- Indice -- Lista delle figure -- Prefazione -- Premessa -- Cap. 1. …Und niemals wissen, was sie sind! Origine e sviluppo del culto dei Cabiri e dei Grandi Dei nel Mediterraneo orientale.
505 8# - FORMATTED CONTENTS NOTE
Formatted contents note Cap. 2. Lari, Penati e Grandi Dei di Samotracia a Roma tra la media e la tarda età repubblicana -- 2.1 Samotracia e Roma: il culto dei Grandi Dei e i cittadini romani -- 2.2 Sincretismi e polisemicità di gruppi divini: le identificazioni Penati - Grandi Dei e Lari - Grandi Dei. -- 2.2.1 Vos di patrii ac Penates qui huic urbi atque huic reipublicae praesidetis (Cic. Pro Sulla 86). Divinità che proteggono 1: I Penates. -- 2.2.1.1 'ex Samothrace in Phrygiam' e 'ex Phrygia in Italiam'. I Penati di Lavinio -- 2.2.1.2 Τρωικοὶ θεοί di Roma. Il culto dei Penati tra l'aedes Vestae e il tempio sulla Velia -- 2.2.2 Qui compita servant / et vigilant nostra semper in urbe (Ov. fasti 2,615-616). Divinità del focolare, divinità che proteggono 2: I Lares. -- 2.2.2.1 Il tempio dei Lares Permarini a Roma -- 2.2.2.2 Il tempio dei Lares Praestites a Roma -- 3. Lapis nigellus. L'introduzione del culto della Magna Mater a Roma e in Italia -- Cap. 4. L'atrium della villa di Oplontis: l'autocelebrazione di un devoto ai Grandi Dei di Samotracia? -- Cap. 5. ‚Klein von Gestalt,/ Groß von Gewalt,/ Der Scheiternden Retter,/ Uralt-verehrte Götter!' In conclusione. -- Summary -- Tabella cronologica -- Indice delle fonti antiche -- Autori -- Iscrizioni -- Indice analitico -- Personaggi storici -- Divinità/eroi -- Luoghi e monumenti -- Cose notevoli -- Indice delle abbreviazioni bibliografiche.
520 ## - SUMMARY, ETC.
Summary, etc. This volume underlines the main aspects of the cult of the Great Gods of Samothrace in light of the influences of Roman cultural and mythological substratum.
588 ## - SOURCE OF DESCRIPTION NOTE
Source of description note Description based on publisher supplied metadata and other sources.
590 ## - LOCAL NOTE (RLIN)
Local note Electronic reproduction. Ann Arbor, Michigan : ProQuest Ebook Central, 2024. Available via World Wide Web. Access may be limited to ProQuest Ebook Central affiliated libraries.
650 #0 - SUBJECT ADDED ENTRY--TOPICAL TERM
Topical term or geographic name entry element Samothrace Island (Greece)-Religion.
655 #4 - INDEX TERM--GENRE/FORM
Genre/form data or focus term Electronic books.
776 08 - ADDITIONAL PHYSICAL FORM ENTRY
Relationship information Print version:
Main entry heading Cruccas, Emiliano
Title NVMINA MAGNA: Roma e il Culto Dei Grandi Dei Di Samotracia
Place, publisher, and date of publication Oxford : Archaeopress,c2019
797 2# - LOCAL ADDED ENTRY--CORPORATE NAME (RLIN)
Corporate name or jurisdiction name as entry element ProQuest (Firm)
830 #0 - SERIES ADDED ENTRY--UNIFORM TITLE
Uniform title Archaeopress Roman Archaeology Series
856 40 - ELECTRONIC LOCATION AND ACCESS
Uniform Resource Identifier <a href="https://ebookcentral.proquest.com/lib/orpp/detail.action?docID=5845600">https://ebookcentral.proquest.com/lib/orpp/detail.action?docID=5845600</a>
Public note Click to View

No items available.

© 2024 Resource Centre. All rights reserved.